Statistics for Scrambled Bands

Click here to take the quiz!

General Stats

  • This quiz has been taken 28 times
  • The average score is 14 of 20

Answer Stats

Hint Answer % Correct
SNUG N SORESGuns N' Roses
100%
THE ODORSThe Doors
92%
TEAM FOALMeat Loaf
92%
RIDE RATSSITDire Straits
88%
DECENCERE CLAWTEARER IRVVEALCreedence Clearwater Revival
84%
ONEJURYJourney
84%
RAINVANNirvana
80%
SEALEGEagles
80%
THE PUREMESSThe Supremes
80%
CELIA ROPECOAlice Cooper
80%
LUBE RETOYS LUCTBlue Oyster Cult
80%
TAMELILACMetallica
76%
NOTES ELMPET TOSLIPStone Temple Pilots
72%
THE ILLGORN TOSSENThe Rolling Stones
68%
LIDBONEBlondie
52%
THE NOSEARMThe Ramones
52%
SEESINGGenesis
48%
SHAKETWINEWhitesnake
48%
MOISTHAREAerosmith
20%
THE HOBBYCASEThe Beachboys
16%

Score Distribution

Percentile by Number Answered

Percent of People with Each Score

Your Score History

You have not taken this quiz